| 000 | 00676nac a22001811u 4500 | ||
|---|---|---|---|
| 020 | _a0415948975 | ||
| 028 | _bwww.bl.uk | ||
| 082 |
_a327.1 22 _bM4298 |
||
| 090 |
_c2060 _d2060 |
||
| 100 | _amattern , janice biall | ||
| 245 |
_aordering international politics _bidentity , crisis,and representational force |
||
| 260 |
_agreat britain _broutledge,2005 _c2005 |
||
| 300 |
_axi, 303 p. : _bill. ; _c24 cm |
||
| 504 | _aIncludes bibliographical references and index. | ||
| 600 | _ajanice bially mattern | ||
| 942 |
_cBB _k327.1 22M4298 |
||
| 999 |
_c2060 _d2060 |
||